Staff Retention in African Universities and Links with the Diaspora (Record no. 1983)

MARC details
000 -LEADER
fixed length control field 00380nam a22001337a 4500
008 - FIXED-LENGTH DATA ELEMENTS--GENERAL INFORMATION
fixed length control field 250218b |||||||| |||| 00| 0 eng d
020 ## - INTERNATIONAL STANDARD BOOK NUMBER
ISBN 9789988589425
100 ## - MAIN ENTRY--AUTHOR
Author MIHYO, B. Paschal
245 ## - TITLE STATEMENT
Title Staff Retention in African Universities and Links with the Diaspora
260 ## - PUBLICATION, DISTRIBUTION, ETC. (IMPRINT)
Place of publication Addis Ababa
Name of publisher Qualitype Ltd.
Date of publication 2008
300 ## - COLLATION
Pagination xviii, 70p.
942 ## - ADDED ENTRY ELEMENTS (KOHA)
Item type Books
050 ## - LIBRARY OF CONGRESS CALL NUMBER
Classification number HD5121
Item number .M54
Holdings
Source of classification or shelving scheme Not for loan Permanent location Current location Date acquired Accession No. Full call number Barcode. Koha item type
Library of Congress Classification   Samuel Ogbemudia Main Library, University of Abuja Samuel Ogbemudia Main Library, University of Abuja 02/18/2025 2009/39299 HD5121,M54 2025-0119 Books